Tra storiografia filosofica e approccio speculativo (Record no. 855241)
[ view plain ]
| 000 -CABECERA | |
|---|---|
| Campo de control de longitud fija | 00485nab a2200145 4500 |
| 003 - IDENTIFICADOR DEL NÚMERO DE CONTROL | |
| Campo de control | ES-SlBCS |
| 005 - FECHA Y HORA DE LA ÚLTIMA TRANSACCIÓN | |
| Campo de control | 20210408100622.0 |
| 008 - CÓDIGOS DE INFORMACIÓN DE LONGITUD FIJA | |
| Campo de control de longitud fija | 151221s2014 bl ||||| |||| 00| 0 ita d |
| 040 ## - FUENTE DE LA CATALOGACIÓN | |
| Centro catalogador del origen | ES-SlBCS |
| Lengua de catalogación | spa |
| 100 1# - PUNTO DE ACCESO PRINCIPAL-NOMBRE DE PERSONA | |
| Nombre de persona | Grigenti, Fabio |
| 9 (RLIN) | 409676 |
| 245 10 - MENCIÓN DE TÍTULO | |
| Título | Tra storiografia filosofica e approccio speculativo |
| Mención de responsabilidad, etc. | Fabio Grigenti |
| 650 04 - PUNTO DE ACCESO ADICIONAL DE MATERIA-TÉRMINO DE MATERIA | |
| Término de materia o nombre geográfico como elemento inicial | Historiografía Filosófica |
| 9 (RLIN) | 183101 |
| 773 0# - ENLACE AL DOCUMENTO FUENTE | |
| Parte(s) relacionada(s) | Vol. 37, Nº Especial, 2014, págs. 67-74 |
| Título | Trans/form/açao |
| Número de control del registro relacionado | Rev977 |
| Número Internacional Normalizado para Publicaciones Seriadas (ISSN) | 0101-3173 |
| 942 ## - ENTRADA DE ELEMENTOS AGREGADOS (KOHA) | |
| Fuente de clasificaión o esquema | |
| Koha [por defecto] tipo de item | Artículos de revista |
| Suprimido | Perdido | Fuente de clasificación o esquema | Estropeado | No para préstamo | Localización permanente | Localización actual | Localización en estantería | Fecha adquisición | Préstamos totales | Fecha última consulta | Fecha del precio de reemplazo | Tipo de item de Koha |
|---|---|---|---|---|---|---|---|---|---|---|---|---|
| San Esteban | San Esteban | Depósito de revistas | 21/12/2015 | 21/12/2015 | 21/12/2015 | Artículos de revista |
